000 00599nam a2200241Ia 4500
003 OSt
005 20221005051810.0
006 a|||||r|||| 00| 0
007 ta
008 221004b |||||||| |||| 00| 0 eng d
024 _a69765
037 _cTextual
040 _aCRL
_cCRL
_beng
041 _2eng
_aeng
082 _aX8(J):9.6, M5
100 _aSwindell Ken
_9249265
245 0 _aFarm labour
260 _aLondon
_bCambridge UK
_c1985
300 _a204p.
_ccm.
650 _aECONOMICS
942 _hX8(J):9.6, M5
_cTEXL
_2cc
999 _c959388
_d959388